| 000 | 02116nam a2200289Ia 4500 | ||
|---|---|---|---|
| 999 |
_c51885 _d51885 |
||
| 001 | 18884 | ||
| 003 | GE_BSU | ||
| 005 | 20220919162950.0 | ||
| 008 | 181216s2013||||ge |||||||||||||| ||geo|| | ||
| 040 | _cGE_BSU | ||
| 041 | _ageo | ||
| 080 | _a61 ხ-93 | ||
| 100 |
_aხუნაშვილი, ნატო _911512 |
||
| 245 |
_aთბილისის მეტროპოლიტენის მუშაკთა შრომის პირობები და ჯანმრთელობის მდგომარეობა = Working Condicions and Health Status of Workers in Tbilisi Metropolitan : დისერტაცია / _cნატო ხუნაშვილი; ნატო ხუნაშვილი; სამეცნიერო ხელმძღვანელები: რევაზ კვერენჩხილაძე; მარინა ციმაკურიძე; თბილისის სახელმწიფო სამედიცინო უნივერსიტეტი. |
||
| 264 |
_aთბილისი, _c2013. |
||
| 300 |
_a231 გვ.; _b30 სმ. |
||
| 653 | _aდისერტაცია | ||
| 653 | _aთბილისის მეტროპოლიტენის მუშაკთა შრომის პირობები და ჯანმრთელობის მდგომარეობა | ||
| 653 | _aმედიცინა | ||
| 653 | _aჯანმრთელობის დაცვა | ||
| 653 | _aთბილისის მეტროპოლიტენი | ||
| 653 | _aშრომის პირობები | ||
| 700 |
_a კვერენჩხილაძე, რევაზ _eსამეცნიერო ხელმძღვანელი _911513 |
||
| 700 |
_aციმაკურიძე, მარინა _eსამეცნიერო ხელმძღვანელი _911514 |
||
| 710 |
_aთბილისის სახელმწიფო სამედიცინო უნივერსიტეტი _911515 |
||
| 942 |
_cBK _2udc |
||